Statistiques concernant Nepal - Rien d'spécial

Cliquez ici pour prendre le quiz!

Statistiques générales

  • Ce quiz a été pris 69 fois
  • Le résultat moyen est 262 sur 447

Statistiques - réponses

Réponse% Correct
rien
100%
Rien
100%
à
95%
a
95%
ce
92%
de
92%
d'spécial,
92%
d'spécial
92%
il
92%
son
84%
ma
79%
ma,
79%
le
76%
l'instru
76%
quoi
76%
quoi,
76%
La
74%
la
74%
que
74%
elle
71%
j'fais
71%
mais
71%
pas
71%
ça
68%
et
68%
j'sais
68%
même
66%
on
66%
tout
66%
tu
66%
voir
66%
y'a
63%
ai
61%
c'est
61%
sert
61%
chemin
58%
dans
58%
était
58%
fait
58%
les
58%
nous
58%
des
55%
sur
55%
tracé
55%
d'faire
53%
ils
53%
passe
53%
pensais
53%
poto,
53%
style,
53%
bails
50%
d'ces
50%
demain
50%
en
50%
gars
50%
J'en
50%
j'me
50%
ont
50%
plein
50%
rappelle
50%
surface
50%
un
50%
une
50%
vu
50%
attitudes
47%
comme
47%
demande
47%
gros
47%
gros,
47%
kissman
47%
nager
47%
qu'le
47%
barres
42%
d'hab
42%
j'ai
42%
ou
42%
pièce
42%
Puis
42%
t'as
42%
t'rappelles
42%
vie
42%
abysses
39%
mine
39%
peux
39%
tape
39%
yeux
39%
apnée
37%
du
37%
l'monde
37%
masqué
37%
tête
37%
brasse
34%
capté,
34%
j'suis
34%
naze
34%
sonder
34%
après
32%
donc
32%
évitant
32%
heures
32%
j'capte
32%
l'kilométrage
32%
mes
32%
monde
32%
suffit
32%
totale,
32%
2
29%
blablas
29%
charley
29%
d'une
29%
j'gratte
29%
poussif,
29%
qu'c'est
29%
cherché
26%
choses
26%
est
26%
j'vois
26%
l'intérieur
26%
l'sur-place
26%
m'bousille
26%
vibe
26%
derrière
24%
d'space,
24%
d'space
24%
j'crois
24%
le-gueu
24%
ni
24%
plus
24%
qu'des
24%
qui
24%
si
24%
tous
24%
boss
21%
désat'
21%
Everything
21%
Gucci
21%
j'vais
21%
l'choix
21%
piges
21%
qu'avant,
21%
qu'j'ai
21%
trois
21%
celle-là
18%
changer
18%
d'avis
18%
depuis
18%
faille
18%
m'feront
18%
ouais,
18%
parler
18%
pensée
18%
temporelle
18%
ah...
16%
deur-vi
16%
disent :
16%
finit
16%
gavas
16%
headshot
16%
j'mets
16%
joggings
16%
qu'y'a
16%
sera
16%
"Youpi !"
16%
blavancs
13%
choine
13%
commence
13%
l'blue
13%
patte
13%
routine
13%
tant
13%
davents,
11%
d'nulle
11%
d'shit
11%
jeans
11%
l'bout
11%
n*ggas,
11%
part
11%
venu
11%
avance,
8%
bavail
8%
favont
8%

Distribution des résultats

Percentile par nombre de réponses

% des personnes avec chaque résultat

Votre développement - résultats

Vous n’avez pas pris ce quiz